Sports Quiz

Random Sports or MLB Quiz
Score 0/300 Timer 20:00
0 Plays Today
Hint Answer % Correct
Chicago White SoxLance Johnson
97.6%
Seattle MarinersRandy Johnson
97.6%
Minnesota TwinsKirby Puckett
96.4%
Oakland AthleticsMark McGwire
96.4%
Seattle MarinersKen Griffey
96.4%
Chicago White SoxBo Jackson
94%
Seattle MarinersEdgar Martinez & Tino Martinez
94%
Seattle MarinersJay Buhner
94%
Chicago White SoxFrank Thomas
92.9%
Texas RangersJose Canseco
92.9%
Texas RangersIvan Rodriguez
91.7%
California AngelsChili Davis
90.5%
Chicago White SoxOzzie Guillen
90.5%
Minnesota TwinsKent Hrbek
90.5%
Oakland AthleticsStorm Davis
90.5%
Texas RangersButch Davis
90.5%
Texas RangersJuan Gonzalez
90.5%
California AngelsChuck Finley
89.3%
Chicago White SoxBarry Jones
88.1%
Oakland AthleticsDave Henderson & Rickey Henderson
88.1%
California AngelsMark Langston
86.9%
Chicago White SoxNorberto Martin
86.9%
Oakland AthleticsTerry Steinbach
86.9%
Chicago White SoxJack McDowell
85.7%
Kansas City RoyalsCraig Wilson
85.7%
California AngelsGary Gaetti
84.5%
Kansas City RoyalsGary Gaetti
84.5%
Texas RangersKevin Brown
84.5%
Texas RangersRafael Palmeiro
84.5%
Chicago White SoxRobin Ventura
83.3%
Kansas City RoyalsGeorge Brett
83.3%
Minnesota TwinsChuck Knoblauch
82.1%
California AngelsTim Salmon
81%
Kansas City RoyalsGreg Gagne
81%
Oakland AthleticsRuben Sierra
81%
Chicago White SoxCarlton Fisk
79.8%
Texas RangersNolan Ryan
79.8%
California AngelsBrian Anderson
78.6%
Oakland AthleticsBob Welch
78.6%
Chicago White SoxRon Karkovice
77.4%
Kansas City RoyalsWally Joyner
77.4%
Kansas City RoyalsKevin Appier
77.4%
Chicago White SoxRoberto Hernandez
76.2%
Oakland AthleticsCurt Young
76.2%
Seattle MarinersBret Boone
76.2%
Chicago White SoxGeorge Bell
75%
Minnesota TwinsShane Mack
75%
Minnesota TwinsRick Aguilera
75%
Minnesota TwinsBrian Harper
73.8%
Oakland AthleticsDennis Eckersley
72.6%
Texas RangersKenny Rogers
72.6%
Texas RangersDean Palmer
72.6%
Chicago White SoxTim Raines
70.2%
Chicago White SoxJoey Cora
69%
Chicago White SoxWilson Alvarez
69%
Kansas City RoyalsJeff Montgomery
69%
Texas RangersJulio Franco
69%
Chicago White SoxBobby Thigpen
67.9%
Minnesota TwinsScott Erickson
67.9%
Minnesota TwinsKevin Tapani
66.7%
Chicago White SoxAlex Fernandez
65.5%
Kansas City RoyalsBrian McRae
64.3%
Oakland AthleticsBobby Witt
64.3%
Seattle MarinersOmar Vizquel
64.3%
California AngelsEduardo Perez
63.1%
California AngelsGary Disarcina
63.1%
Minnesota TwinsDerek Lee
63.1%
Texas RangersManuel Lee
63.1%
Oakland AthleticsKurt Abbott
61.9%
Seattle MarinersDave Valle
61.9%
Minnesota TwinsDave Winfield
60.7%
Oakland AthleticsMike Bordick
60.7%
Seattle MarinersMike Blowers
60.7%
California AngelsLuis Polonia
58.3%
Kansas City RoyalsMark Gubicza
58.3%
California AngelsJim Edmonds
57.1%
California AngelsScott Lewis
57.1%
Chicago White SoxJason Bere
57.1%
Texas RangersJohn Russell
57.1%
Kansas City RoyalsMike Macfarlane
56%
Texas RangersChris James
56%
Kansas City RoyalsDavid Cone
54.8%
California AngelsJ.T. Snow
53.6%
Oakland AthleticsKevin Seitzer
53.6%
Oakland AthleticsScott Brosius
53.6%
Seattle MarinersChris Bosio
53.6%
Kansas City RoyalsTom Gordon
52.4%
Kansas City RoyalsKeith Miller
51.2%
Minnesota TwinsScott Leius
51.2%
Seattle MarinersJeff Nelson
51.2%
California Angels & Texas RangersGene Nelson
51.2%
Texas RangersDonald Harris
51.2%
California AngelsChad Curtis
50%
Chicago White SoxEllis Burks
50%
Minnesota TwinsGene Larkin
50%
Seattle MarinersErik Hanson
50%
Texas RangersDavid Hulse
50%
California AngelsStan Javier
48.8%
Oakland AthleticsRick Honeycutt
48.8%
Oakland AthleticsTodd Van Poppel
48.8%
Hint Answer % Correct
Seattle MarinersNorm Charlton
48.8%
Seattle MarinersKevin King
48.8%
Seattle MarinersRich Amaral
48.8%
Oakland AthleticsLance Blankenship
47.6%
Oakland AthleticsBrent Gates
47.6%
California AngelsGreg Myers
46.4%
Chicago White SoxIvan Calderon
46.4%
Chicago White SoxMike LaValliere
46.4%
Kansas City RoyalsJose Lind
46.4%
Kansas City RoyalsBrent Mayne
46.4%
Seattle MarinersPete O'Brien
46.4%
California AngelsKurt Stillwell
45.2%
Chicago White SoxKirk McCaskill
45.2%
Minnesota TwinsMike Pagliarulo
45.2%
Texas RangersRoger Pavlik
45.2%
Texas RangersRick Reed
45.2%
Texas RangersGeno Petralli
45.2%
Kansas City RoyalsFelix Jose
44%
Minnesota TwinsPat Meares
44%
Minnesota TwinsEddie Guardado
44%
Oakland AthleticsJerry Browne
44%
Texas RangersCharlie Leibrandt
44%
Kansas City RoyalsKevin McReynolds
42.9%
California AngelsScott Sanderson
41.7%
Kansas City RoyalsStan Belinda
41.7%
Minnesota TwinsRandy Bush
41.7%
Oakland AthleticsRon Darling
41.7%
Chicago White SoxTim Belcher
40.5%
Kansas City RoyalsBob Hamelin
40.5%
Minnesota TwinsPedro Munoz
40.5%
Oakland AthleticsTroy Neel
40.5%
Oakland AthleticsCraig Paquette
40.5%
Seattle MarinersMike Felder
40.5%
Texas RangersMario Diaz
40.5%
Texas RangersBill Ripken
40.5%
Texas RangersDoug Strange
40.5%
California AngelsDamion Easley
39.3%
Seattle MarinersDave Fleming
39.3%
Seattle MarinersDave Magadan
39.3%
California AngelsKelly Gruber
38.1%
California AngelsChris Turner
38.1%
Chicago White SoxCraig Grebeck
38.1%
Oakland AthleticsMike Aldrete
38.1%
Texas RangersBenji Gil
38.1%
Chicago White SoxDan Pasqua
36.9%
Seattle MarinersSteve Ontiveros
36.9%
Seattle MarinersHenry Cotto
36.9%
Texas RangersDarren Oliver
36.9%
California AngelsLarry Gonzales & Rene Gonzales
35.7%
Minnesota TwinsLenny Webster
35.7%
Texas RangersTodd Burns
35.7%
Texas RangersCris Carpenter
35.7%
Texas RangersTom Henke
35.7%
Texas RangersJeff Huson
35.7%
Oakland AthleticsScott Hemond
34.5%
Seattle MarinersBill Haselman
34.5%
Chicago White SoxDonn Pall
33.3%
Minnesota TwinsWillie Banks
33.3%
Oakland AthleticsMarcos Armas
33.3%
Texas RangersCraig Lefferts
33.3%
Texas RangersRobb Nen
33.3%
California AngelsJoe Magrane
32.1%
Chicago White SoxWarren Newson
32.1%
Chicago White SoxScott Radinsky
32.1%
Oakland AthleticsEric Fox
32.1%
Texas RangersMike Schooler
32.1%
California AngelsJoe Grahe
31%
Chicago White SoxJose DeLeon
31%
Minnesota TwinsMark Guthrie
31%
Oakland AthleticsRich Gossage
31%
Chicago White Sox, Kansas City Royals, and Seattle MarinersChris Howard, David Howard, and Chris Howard
31%
California AngelsKen Patterson
29.8%
Minnesota TwinsJeff Reboulet
29.8%
Oakland AthleticsEd Nunez
29.8%
Seattle MarinersTed Power
29.8%
Texas RangersBob Patterson
29.8%
Texas RangersGary Redus
29.8%
California AngelsJohn Orton
28.6%
Chicago White SoxSteve Sax
28.6%
Chicago White SoxDave Stieb
28.6%
Kansas City RoyalsGreg Cadaret
28.6%
Oakland AthleticsJoe Boever
28.6%
Seattle MarinersBrian Turang
28.6%
Texas RangersBrian Bohanon
28.6%
Texas RangersSteve Balboni
28.6%
California AngelsTorey Lovullo
27.4%
California AngelsHilly Hathaway
27.4%
Kansas City RoyalsHubie Brooks
27.4%
Minnesota TwinsDave McCarty
27.4%
Minnesota TwinsJim DeShaies
27.4%
Seattle MarinersDwayne Henry
27.4%
Texas RangersJon Shave
27.4%
Chicago White SoxDoug Lindsey
26.2%
Minnesota TwinsRich Becker
26.2%
Minnesota TwinsDenny Hocking
26.2%
Seattle MarinersMike Hampton
26.2%
Seattle MarinersDennis Powell
26.2%
Texas RangersMatt Whiteside
26.2%
Texas RangersDan Peltier
26.2%
California AngelsRon Tingley
25%
Hint Answer % Correct
California AngelsSteve Frey
25%
Chicago White SoxMike Huff
25%
Kansas City RoyalsJohn Habyan
25%
Minnesota TwinsMike Trombley
25%
Oakland AthleticsShawn Hillegas
25%
Seattle MarinersBrad Holman
25%
Seattle MarinersTim Leary
25%
Chicago White SoxScott Ruffcorn
23.8%
Kansas City RoyalsPhil Hiatt
23.8%
Kansas City RoyalsHipolito Pichardo
23.8%
Minnesota TwinsScott Stahoviak
23.8%
Minnesota TwinsTerry Jorgensen
23.8%
Seattle MarinersBob Ayrault
23.8%
California AngelsRod Correia
22.6%
California AngelsJulio Valera
22.6%
California AngelsMike Butcher
22.6%
Chicago White SoxMatt Merullo
22.6%
Chicago White SoxJeff Schwarz
22.6%
Chicago White SoxRod Bolton
22.6%
Kansas City RoyalsCurt Wilkerson
22.6%
Kansas City RoyalsTerry Shumpert
22.6%
Kansas City RoyalsMike Magnante
22.6%
Oakland AthleticsHenry Mercedes
22.6%
Oakland AthleticsSteve Karsay
22.6%
Oakland AthleticsKevin Campbell
22.6%
Seattle MarinersGreg Pirkl
22.6%
California AngelsTy Van Burkleo
21.4%
Chicago White SoxTerry Leach
21.4%
Kansas City RoyalsChris Haney
21.4%
Minnesota TwinsDerek Parks
21.4%
Minnesota TwinsPat Mahomes
21.4%
Seattle MarinersRich DeLucia
21.4%
Seattle MarinersRoger Salkeld
21.4%
California AngelsDoug Linton
20.2%
Kansas City RoyalsKevin Koslofski
20.2%
Minnesota TwinsBernardo Brito
20.2%
Minnesota TwinsGreg Brummett
20.2%
Oakland AthleticsScott Lydy
20.2%
Seattle MarinersJohn Cummings
20.2%
California AngelsDarryl Scott
19%
California AngelsJerry Nielsen
19%
California AngelsJohn Farrell
19%
Minnesota TwinsGeorge Tsamis
19%
Oakland AthleticsEric Helfand
19%
Oakland AthleticsVince Horsman
19%
Seattle MarinersWally Backman
19%
Seattle MarinersMackey Sasser
19%
Texas RangersJeff Bronkey
19%
Kansas City RoyalsRico Rossy
17.9%
Kansas City RoyalsRusty Meacham
17.9%
Minnesota TwinsCarl Willis
17.9%
Minnesota TwinsLarry Casian
17.9%
Oakland AthleticsDale Sveum
17.9%
Oakland AthleticsMiguel Jimenez
17.9%
Seattle MarinersDann Howitt
17.9%
California AngelsRuss Springer
16.7%
Minnesota TwinsMike Maksudian
16.7%
Seattle MarinersErik Plantenberg
16.7%
Seattle MarinersLee Tinsley
16.7%
California AngelsPhil Leftwich
15.5%
Kansas City RoyalsMark Gardner
15.5%
Minnesota TwinsJ.T. Bruett
15.5%
Seattle MarinersZak Shinall
15.5%
Seattle MarinersRuss Swan
14.3%
California AngelsChuck Crim
13.1%
Minnesota TwinsMike Hartley
13.1%
Seattle MarinersJim Converse
13.1%
Kansas City RoyalsNelson Santovenia
11.9%
Kansas City RoyalsBilly Brewer
11.9%
Minnesota TwinsChip Hale
11.9%
Seattle MarinersGreg Litton
11.9%
Seattle MarinersLarry Sheets
11.9%
Texas RangersDoug Dascenzo
11.9%
Chicago White SoxBrian Drahman
10.7%
Texas RangersSteve Dreyer
10.7%
Texas RangersHector Fajardo
10.7%
Kansas City RoyalsChris Gwynn
9.5%
Seattle MarinersFernando Vina
9.5%
Oakland AthleticsRoger Smithberg
8.3%
Seattle MarinersMarc Newfield
8.3%
California AngelsPaul Swingle
6%
Kansas City RoyalsHarvey Pulliam
4.8%
Kansas City RoyalsDennis Rasmussen
4.8%
Oakland AthleticsMike Mohler
4.8%
Oakland AthleticsKelly Downs
4.8%
Oakland AthleticsJohn Briscoe
4.8%
Texas RangersRob Ducey
4.8%
California AngelsMark Holzemer
3.6%
Chicago White SoxChuck Cary
3.6%
California AngelsJim Walewander
2.4%
Kansas City RoyalsBill Sampen
2.4%
Kansas City RoyalsFrank DiPino
2.4%
Kansas City RoyalsEnrique Burgos
2.4%
Minnesota TwinsRich Garces
2.4%
Oakland AthleticsJoe Slusarski
2.4%
Chicago White SoxDrew Denson
1.2%
Chicago White SoxRick Wrona
1.2%
Kansas City RoyalsJeff Granger
1.2%
Minnesota TwinsBrett Merriman
1.2%
Seattle MarinersDave Wainhouse
1.2%
Remove Ads.
Support Sporcle.
Get the best of Sporcle when you Go Orange. This ad-free experience offers more features, more stats, and more fun while also helping to support Sporcle. Thank you for becoming a member.

You're not logged in!

Compare scores with friends on all Sporcle quizzes.
OR
Log In

Sporcle TV

Today on Sporcle TV


Watch our educational content, quiz creation guides, and fun videos on Sporcle TV.

Show Comments

Extras

Top Quizzes Today


Score Distribution

Paid Content

Your Account Isn't Verified!

In order to create a playlist on Sporcle, you need to verify the email address you used during registration. Go to your Sporcle Settings to finish the process.

Report this User

Report this user for behavior that violates our Community Guidelines.

Details: